000 01811nam a2200397 c 4500
999 _c420444
_d420444
003 BLK
005 20250703085624.0
008 180408b bul|||||r ||||||| ||bul||
020 _a9789543762019
040 _aBLK
041 _aBUL
_cBUL
080 _aАмериканска литература (на САЩ)
_b821.111(73)
_x-94
_z821.111(73)-94
080 _aОпера, музикална драма - изпълнители
_b782.1.071.2
_x(45)(092)(0:82-94)
_z782.1.071.2(45)(092)(0:82-94)
080 _aИталиански певец - тенор
_b929 Павароти, Лучано
_z929 Павароти, Лучано
100 _aБреслин, Хърбърт
_eпърви автор
_9458243
139 _aБреслин, Хърбърт и др.
_bП 12
245 1 0 _aКралят и аз
_bНецензурираната история за възхода на Лучано Павароти към славата, с помощта на неговия мениджър, приятел и на моменти - опонент
_cХърбърт Бреслин, Ан Миджет
257 _aITA
260 _bЖануа '98
_c2021
_9396527
_aСофия
300 _a321 с.
_bс ил.
_c23 см
380 _aX
600 1 4 _aПавароти, Лучано
_9105180
650 4 _aОперни артисти, италиански
_9246687
650 4 _aПавароти, Лучано
_9105180
651 4 _aИталия
_9178965
653 _aоперни певци
653 _aЛучано Павароти
653 _aбиографии
700 _aМиджет, Ан
_eсъавт.
_9458244
852 _bП
_c821-94/П 12 Л
856 4 _qpdf
856 4 _qpdf
942 _cKNG
_n0
_048
_s1
944 _aCR
_c2021-06-18
_k30576
_lЦветомила Тодорова
999 _d420444